000 00448pab a2200157 454500
008 180718b2012 xxu||||| |||| 00| 0 eng d
100 _aLakshmanasamy, T.
245 _aAre Indian household impurely altruistic? Testing for bequest motives and intergenerational transfers in India
260 _c2012
300 _ap.39-66.
362 _aApr-Jun
650 _aHouseholds
773 _aIndian Economic Journal
908 _aN
909 _a101461
999 _c101459
_d101459